Chargement en cours...
Elements of power electronics /
| Autres auteurs: | |
|---|---|
| Format: | Printed Book |
| Publié: |
Oxford:
OUP,
2009.
|
| Sujets: |
| LEADER | 00547cam a2200181ua 4500 | ||
|---|---|---|---|
| 008 | 101116t2009||||||||||| 00 ||||| c | ||
| 082 | |a 621.317 |b KRE/E | ||
| 245 | 1 | 0 | |a Elements of power electronics / |
| 260 | |a Oxford: |b OUP, |c 2009. | ||
| 300 | |a 766p.. | ||
| 362 | 1 | |a 2009. | |
| 650 | |a Power electronics | ||
| 650 | 0 | |a Electronics | |
| 650 | 0 | |a Engineering | |
| 700 | 0 | 2 | |a Krein,, Philip T. |
| 942 | |c BK | ||
| 999 | |c 23992 |d 23992 | ||
| 952 | |0 0 |1 0 |4 0 |6 621_317000000000000_KRE |7 0 |9 25521 |a KUCL |b KUCL |d 2014-05-23 |l 0 |o 621.317 KRE/ |p 24480 |r 2014-05-23 |w 2014-05-23 |y BK | ||